Poskytovanie klasických dotácií
Legislatíva. Poskytovanie dotácií zo štátneho rozpočtu. Klasické dotácie. Podmienky poskytnutia dotácie. Povinnosť zúčtovať dotáciu so štátnym rozpočtom. Výnosy z prostriedkov štátneho rozpočtu. Novinky v legislatíve.
Saved in:
| Main Author: | |
|---|---|
| Format: | Book Chapter |
| Language: | Slovak |
| Subjects: | |
| Tags: |
No Tags, Be the first to tag this record!
|
MARC
| LEADER | 00000naa a2200000 4500 | ||
|---|---|---|---|
| 001 | 0136686 | ||
| 005 | 20231120121713.1 | ||
| 041 | 0 | |a slo | |
| 044 | |a SK | ||
| 245 | 1 | 0 | |a Poskytovanie klasických dotácií |c Iveta Konvalinková |
| 520 | |a Legislatíva. Poskytovanie dotácií zo štátneho rozpočtu. Klasické dotácie. Podmienky poskytnutia dotácie. Povinnosť zúčtovať dotáciu so štátnym rozpočtom. Výnosy z prostriedkov štátneho rozpočtu. Novinky v legislatíve. | ||
| 610 | 2 | 0 | |a dotácie |
| 610 | 2 | 0 | |a rozpočet štátny |
| 610 | 2 | 0 | |a výnosy |
| 610 | 2 | 0 | |a legislatíva |
| 100 | 1 | |a Konvalinková, Iveta | |